000 00687cam a22002412 4500
001 1942
003 BD-RjUL
005 20211208233440.0
008 131210s1966 ne b 001 0 eng
035 _a(BD-RjUL)1969
040 _aDLC
_cWSU
_dSER
_dEQO
_dBD-RjUL
_beng
041 _aeng
082 _a111
_216
_bZAU 1966
100 1 _aZabeeh, Farhang.
_96418
245 1 0 _aUniversals :
_bA new look at an old problem /
_cFarhang Zabeeh
260 _aThe Hague :
_bMartinus Nijhoff,
_cc1966.
300 _axii, 68 p. ;
_c24 cm.
504 _aBibliography: p. [65]-66. and index.
650 0 _aUniversals (Philosophy)
_93986
942 _2ddc
_cBK
999 _c1942
_d1942